00529nam a2200205Ia 4500008004100000020001800041050001400059100002200073245002400095245003100119245002500150260001500175260001600190260000900206300001500215300002700230300001000257440004700267500000900314170918s9999 xx 000 0 und d a9780531220085 bC973 2013 aCunningham, Kevin aComputer graphics : bfrom concept to consumer / cby Kevin Cunningham. aNew York : bScholastic, c2013 a64 pages : bcolored illustration ; c23cm. aCalling all innovators : a career for you. a1170